Celostný manažment v globálnom prostredí

Gespeichert in:
Bibliographische Detailangaben
1. Verfasser: Porvazník, Ján
Weitere Verfasser: Vágner, Ivan, Lipták, František
Format: Buch
Sprache:Slowakisch
Veröffentlicht: Bratislava Milan Štefanko - IRIS 2014
Ausgabe:6. preprac. a dopl. vyd.
Schlagworte:
Tags: Tag hinzufügen
Keine Tags, Fügen Sie das erste Tag hinzu!

MARC

LEADER 00000nam a2200000 4500
001 0194776
005 20240502073250.2
020 |a 978-80-8153-029-6 
041 0 |a slo 
044 |a SK 
245 1 0 |a Celostný manažment v globálnom prostredí  |c Ján Porvazník ; recenzovali: Ivan Vágner, František Lipták 
250 |a 6. preprac. a dopl. vyd. 
264 1 |a Bratislava  |b Milan Štefanko - IRIS  |c 2014 
300 |a 362 s. [25,4 AH] 
610 2 0 |a manažment 
610 2 0 |a história 
610 2 0 |a manažment celostný 
610 2 0 |a manažéri 
610 2 0 |a vzdelávanie 
610 2 0 |a zručnosti 
610 2 0 |a komunikácia manažérska 
610 2 0 |a práca tímová 
610 2 0 |a spôsobilosť k práci 
100 1 |a Porvazník, Ján 
700 1 |a Vágner, Ivan 
700 1 |a Lipták, František